[Event "Moscow-ch op"]
[Site "Moscow"]
[Date "1998.??.??"]
[Round "4"]
[White "Suknev, Sergei V"]
[Black "Gagarin, Vasilij"]
[Result "0-1"]
[WhiteElo "2275"]
[BlackElo "2415"]

1.e4 c5 2.Nf3 Nc6 3.Nc3 e5 4.g3 d6 5.Bg2 g6 6.d3 Bg7 7.O-O Nge7 8.Be3 O-O
9.Qd2 Nd4 10.Nh4 Rb8 11.Nd1 Be6 12.c3 Ndc6 13.f4 exf4 14.Bxf4 Qd7 15.Ne3 f6
16.d4 cxd4 17.cxd4 Bf7 18.Nd5 g5 19.Bxg5 fxg5 20.Qxg5 Bxd5 21.exd5 Nxd4 22.Rae1 Rxf1+
23.Rxf1 Rf8 24.Rxf8+ Kxf8 25.Be4 h6 26.Qh5 Qc8 27.Kg2 Qc1 28.b3 Qe3 29.Ng6+ Nxg6
30.Qxg6 Qe2+ 31.Kh3 Qf1+ 32.Kg4 Qf6 33.Qxf6+ Bxf6 34.Bd3 Be5 35.h3 Kg7 36.Kh4 Kf6
37.Kg4 a5 38.Kh4 b5 39.Kg4 b4 40.h4 h5+ 41.Kxh5 Bxg3 42.Kg4 Bh2 43.h5 Ke5
44.Bc4 Bf4 45.Bd3 Bh6 46.Bc4 Nf5  0-1

[Event "RUS-Cup02"]
[Site "Moscow"]
[Date "1998.??.??"]
[Round "7"]
[White "Fedorov, Vladislav"]
[Black "Krasilnikov, Viatcheslav"]
[Result "0-1"]
[WhiteElo "2435"]
[BlackElo "2320"]

1.e4 c5 2.Nc3 Nc6 3.Nge2 e5 4.Nd5 Nge7 5.Nec3 Nxd5 6.Nxd5 Be7 7.Bc4 O-O 8.a3 d6
9.b4 Bg5 10.c3 Be6 11.Qb3 Rb8 12.Qc2 b5 13.Ba2 Ne7 14.Nxe7+ Qxe7 15.Bxe6 Qxe6
16.O-O f5 17.d3 f4 18.f3 Bd8 19.Kh1 Bb6 20.bxc5 Bxc5 21.Bd2 g5 22.a4 Rf6
23.Qa2 bxa4 24.Qxe6+ Rxe6 25.Rxa4 Rb2 26.Rd1 Re7 27.d4 Bb6 28.Kg1 Rc7 29.Kf1 Kf7
30.Ke2 exd4 31.cxd4 Rc3 32.Ke1 Rd3 33.Ke2 Rxd4 34.Rxd4 Bxd4 35.Kd3 Bc5 36.g3 Rb3+
37.Ke2 g4 38.fxg4 fxg3 39.hxg3 Rxg3 40.g5 Rh3 41.Bf4 Ke6 42.Ra1 Ke7 43.Ra5 Kd7
44.e5 Ra3 45.Rb5 Kc6 46.e6 Ra4 47.Kf3 Rb4 48.Ra5 Rb8 49.Ra1 Kd5 50.Re1 Re8
51.e7 Kc6 52.Kg4 Kd7 53.Kh5 Rxe7 54.Rxe7+ Kxe7 55.Kh6 Bd4 56.Kxh7 a5 57.g6 d5
58.Bg5+ Kd7 59.Be3 Be5 60.Bf4 Bf6 61.Bg5 Ba1 62.Kg8 a4 63.Bc1 d4 64.Kf7 d3
65.g7 Bxg7 66.Kxg7 a3  0-1

[Event "EU-ch U16"]
[Site "Murek"]
[Date "1998.??.??"]
[Round "3"]
[White "Sebe, Florin"]
[Black "Sebenik, Matej"]
[Result "1/2-1/2"]
[WhiteElo "2235"]
[BlackElo "2155"]

1.e4 c5 2.Nf3 Nc6 3.Nc3 e5 4.Bc4 Be7 5.O-O Nf6 6.d3 O-O 7.Nd5 d6 8.c3 h6
9.h3 Rb8 10.Nh2 Nxd5 11.Bxd5 Bg5 12.Be3 Bxe3 13.fxe3 Be6 14.Bxe6 fxe6 15.Qg4 Qe7
16.Qg6 Rf6 17.Rxf6 Qxf6 18.Qg4 Rf8 19.Nf3 Qe7 20.Rf1 Rf6 21.Qg3 Qc7 22.Qe1 Qa5
23.Qb1 Rf7 24.Rd1 Qb6 25.Kh1 d5 26.exd5 exd5 27.Qc2 Qc7 28.Rc1 Qe7 29.e4 d4
30.cxd4 Nxd4 31.Nxd4 cxd4 32.Qc4 Kh7 33.Kg1 Qf6 34.Qc2 Qf4 35.Re1 b6 36.Qe2 Rc7
37.Qd1 Rf7 38.Rf1 Qe3+ 39.Kh2 Rf2 40.Rxf2 Qxf2 41.Qg4  1/2-1/2

[Event "EU-ch U18 Girls"]
[Site "Murek"]
[Date "1998.??.??"]
[Round "3"]
[White "Kucypera, Anna"]
[Black "Zozulia, Anna"]
[Result "1/2-1/2"]
[WhiteElo "2130"]
[BlackElo "2315"]

1.e4 c5 2.Nf3 Nc6 3.Nc3 d6 4.d4 cxd4 5.Nxd4 e5 6.Ndb5 a6 7.Na3 Be6 8.Be2 Nf6
9.Bg5 Be7 10.Nc4 Nd4 11.Bxf6 Bxf6 12.Ne3 O-O 13.O-O Rc8 14.Bd3 g6 15.Ncd5 Bg7
16.c3 Bxd5 17.exd5 Nb5 18.Bxb5 axb5 19.a4 bxa4 20.Rxa4 f5 21.Kh1 f4 22.Nc2 Qd7
23.Rb4 f3 24.g3 Bh6 25.Qd3 Bg5 26.Rd1 Rf7 27.Qe4 Rcf8 28.Qg4 Qd8 29.Na3 Kg7
30.Nc4 h5 31.Qe6 Rd7 32.Nxd6 Rxd6 33.Rxb7+ Kh6 34.Qxe5 Rd7 35.Rxd7 Qxd7 36.Qe6 Qxe6
37.dxe6 Re8 38.h4 Bf6 39.Rd3 Rxe6 40.Rxf3 Kg7 41.b3 Kf7 42.Kg2 Re7 43.Rd3 Re1
44.c4 Rc1 45.Rd5 Ke6 46.Rb5 Rc2 47.Rd5 Rb2 48.Rd3  1/2-1/2

[Event "EU-ch U16"]
[Site "Murek"]
[Date "1998.??.??"]
[Round "4"]
[White "Szymanski, Marcin"]
[Black "Szilagyi, Zsolt"]
[Result "0-1"]
[WhiteElo "2295"]
[BlackElo "2170"]

1.e4 c5 2.Nc3 Nc6 3.Nf3 e6 4.d3 d6 5.g3 g6 6.Bg2 Bg7 7.O-O Nge7 8.Be3 Nd4
9.Qd2 Nec6 10.Nd1 Nxf3+ 11.Bxf3 O-O 12.Bg2 Re8 13.f4 f5 14.c3 Rb8 15.Nf2 Na5
16.Rab1 b6 17.b4 Nb7 18.e5 cxb4 19.cxb4 dxe5 20.fxe5 Bxe5 21.d4 Bf6 22.Rfd1 Nd6
23.Bf4 Bb7 24.Bxb7 Rxb7 25.g4 Rd7 26.Qe2 Nf7 27.Be5 Rd5 28.Nd3 Bxe5 29.dxe5 Qg5
30.Nf2 Rxe5 31.Qd2 Qxd2 32.Rxd2 Rd8  0-1

[Event "EU-ch U18"]
[Site "Murek"]
[Date "1998.??.??"]
[Round "4"]
[White "Horvath, Adam"]
[Black "De Vreugt, Dennis"]
[Result "0-1"]
[WhiteElo "2455"]
[BlackElo "2350"]

1.e4 c5 2.Nc3 Nc6 3.Nge2 Nf6 4.g3 e5 5.Bg2 h5 6.h4 d6 7.Nd5 Nxd5 8.exd5 Ne7
9.c3 g6 10.d4 exd4 11.cxd4 b6 12.dxc5 bxc5 13.b4 Bg7 14.Bg5 cxb4 15.O-O O-O
16.Nd4 Qb6 17.Bxe7 Bxd4 18.Rc1 Bg4 19.Qd3 Rfc8 20.Rc6 Rxc6 21.dxc6 Re8 22.Bxd6 Rd8  0-1

[Event "EU-ch U12"]
[Site "Murek"]
[Date "1998.??.??"]
[Round "5"]
[White "Guseinov, Kadir"]
[Black "Balogh, Csaba"]
[Result "1-0"]
[WhiteElo "2190"]
[BlackElo "2155"]

1.e4 c5 2.Nc3 Nc6 3.Nf3 Nf6 4.Bb5 d6 5.e5 Nd7 6.exd6 exd6 7.d4 Be7 8.Nd5 O-O
9.O-O Nf6 10.Nxe7+ Nxe7 11.dxc5 dxc5 12.Bc4 Bf5 13.c3 Bg4 14.Qxd8 Raxd8 15.Ne5 Bf5
16.Be3 b6 17.Rad1 Rxd1 18.Rxd1 Be6 19.Bxe6 fxe6 20.Nd7 Nxd7 21.Rxd7 Nc6 22.Rc7 Ne5
23.Rxa7 Rd8 24.Kf1 Nc4 25.b3 Nxe3+ 26.fxe3 Rd2 27.c4 Kf8 28.Ra6 Rb2 29.Rxb6 Rxa2
30.Rxe6 Rb2 31.Rb6 Kf7 32.Rb5 Kf6 33.Rxc5 Rxb3 34.Kf2 Rc3 35.Kf3 Rc2 36.h3 h6
37.Rc6+ Kf7 38.Rc7+ Kf6 39.Rc5 g6 40.g3 h5 41.Rc6+ Kf7 42.g4 hxg4+ 43.hxg4 Rc1
44.Kf4 Rc3 45.e4 Rc2  1-0

[Event "EU-ch U14"]
[Site "Murek"]
[Date "1998.??.??"]
[Round "6"]
[White "Livshits, Gaby"]
[Black "Gagunashvili, Merab"]
[Result "0-1"]
[WhiteElo "2075"]
[BlackElo "2205"]

1.e4 c5 2.Nf3 Nc6 3.Nc3 Nf6 4.Bb5 Nd4 5.e5 Nxb5 6.Nxb5 Nd5 7.Ng5 f6 8.Qf3 Nb4
9.exf6 exf6 10.O-O Be7 11.c3 Nc2 12.Nxh7 Rxh7 13.Qe4 Rh8 14.Qxc2 a6 15.Na3 Qc7
16.g3 b6 17.d4 Bb7 18.Qg6+ Kf8 19.Bf4 Bd6 20.Bxd6+ Qxd6 21.Rad1 Qe6 22.f3 Qe3+
23.Rf2 Rxh2 24.Rf1 Rxf2 25.Rxf2 Bxf3 26.Nc2 Qe4 27.Qxe4 Bxe4 28.dxc5 bxc5
29.Ne3 d5 30.Rd2 Rd8 31.Kf2 Ke7 32.b4 d4 33.cxd4 cxb4 34.Nc4 Rc8 35.Nb6 Rc6
36.Re2 Rxb6 37.Rxe4+ Kd6 38.Re8 Kd5 39.Rd8+ Ke4 40.d5 Ke5 41.Ke3 a5 42.Rd7 g5
43.g4 Rb5  0-1

[Event "EU-ch U14 Girls"]
[Site "Murek"]
[Date "1998.??.??"]
[Round "7"]
[White "Berzina, Ilze"]
[Black "Kiss, Emese"]
[Result "1-0"]
[WhiteElo "2100"]
[BlackElo "2065"]

1.e4 c5 2.Nc3 Nc6 3.Nge2 d6 4.g3 g6 5.Bg2 Bg7 6.O-O e5 7.Nd5 Nge7 8.f4 O-O
9.Ne3 Nd4 10.c3 Nxe2+ 11.Qxe2 exf4 12.gxf4 f5 13.d3 Rb8 14.Bd2 b5 15.Be1 Qc7
16.Rd1 Bb7 17.Bh4 a5 18.Rde1 b4 19.Qd2 Bf6 20.Bg3 Rbe8 21.Re2 Ba6 22.e5 Bg7
23.Rfe1 dxe5 24.Nd5 Qd7 25.c4 e4 26.dxe4 Bd4+ 27.Bf2 Nxd5 28.exd5 Bxc4 29.Re5 Bxf2+
30.Kxf2 g5 31.b3 Ba6 32.d6 Bb5 33.Re7 Qd8 34.Qd5+  1-0

[Event "EU-ch U14 Girls"]
[Site "Murek"]
[Date "1998.??.??"]
[Round "8"]
[White "Gara, Ticia"]
[Black "Drouzinina, Olga"]
[Result "1-0"]
[WhiteElo "2245"]
[BlackElo "2295"]

1.e4 c5 2.Nc3 Nc6 3.Nf3 g6 4.d4 cxd4 5.Nxd4 Bg7 6.Be3 Nf6 7.Be2 O-O 8.O-O d5
9.exd5 Nxd5 10.Nxd5 Qxd5 11.Bf3 Qa5 12.Nxc6 bxc6 13.c3 Rb8 14.Qc2 f5 15.b4 Qc7
16.Qa4 Be6 17.Qxa7 Rb7 18.Qc5 Rc8 19.a4 Be5 20.b5 cxb5 21.Bxb7 Bxh2+ 22.Kh1 Qxb7
23.Qxb5 Qc7 24.Qb6 Qxb6 25.Bxb6 Bd6 26.Bd4 Bd5 27.Rfe1 h5 28.a5 h4 29.Kg1 g5
30.a6 g4 31.a7 Ba8 32.Be5 Bc5 33.Reb1 g3 34.Rb8 Bxf2+ 35.Kf1 Rf8 36.Bd4 Bxd4
37.cxd4 f4 38.Rab1 h3 39.gxh3  1-0

[Event "EU-ch U18"]
[Site "Murek"]
[Date "1998.??.??"]
[Round "9"]
[White "Bitansky, Igor"]
[Black "Horvath, Adam"]
[Result "1-0"]
[WhiteElo "2325"]
[BlackElo "2455"]

1.e4 c5 2.Nf3 Nc6 3.Nc3 g6 4.d4 cxd4 5.Nxd4 Bg7 6.Be3 Nf6 7.Bc4 Qa5 8.O-O O-O
9.Bb3 d6 10.h3 Bd7 11.f4 Rac8 12.Nf3 Rfd8 13.Qe1 Be8 14.f5 Ne5 15.Nxe5 dxe5
16.Qg3 Rxc3 17.bxc3 Nxe4 18.Qh4 Qxc3 19.Qxe4 Bc6 20.Qc4 Qxe3+ 21.Kh2 Bxg2
22.Rad1 Qxh3+ 23.Kg1 Re8 24.fxg6 Bxf1 25.gxf7+ Kh8 26.Qxf1 Qg4+ 27.Kh1 e4
28.Rd2 e6 29.Rd7 e3 30.Bc4 Qh4+ 31.Kg2 Qg4+ 32.Kh1 Be5 33.Qe2 Qh3+ 34.Kg1 Qg3+
35.Kh1 h6 36.Bxe6 Qh4+ 37.Kg2 Qg3+ 38.Kh1 Qh4+ 39.Kg2 Qh2+ 40.Kf3 Qg3+ 41.Ke4 Qf4+
42.Kd3 Rc8 43.c4 b5 44.Qxe3 bxc4+ 45.Ke2 Qh2+ 46.Qf2 Qh5+ 47.Qf3 Qh2+ 48.Qf2 Qxf2+
49.Kxf2 c3 50.Rd5 c2 51.Bxc8 Kg7 52.Rd8 Kxf7 53.Be6+ Kxe6 54.Rc8 Kd5 55.Rxc2 Bd4+
56.Kf3 Bc5 57.Ke2 h5 58.Kd3 h4 59.Rg2 Kc6 60.Rg6+ Kb5 61.Rg5 Kc6 62.Rh5 Bf2
63.Kc4 Kb6 64.a4 Ka6 65.Rb5 Bg1 66.Kd5 Be3 67.Kc4 Bg1 68.Rh5 Bf2 69.Kb4 Be1+
70.Kb3 Bf2 71.a5 Be1 72.Ka4 Bd2 73.Rd5 Be1 74.Rd6+ Kb7 75.Kb5 Bf2 76.Rd7+ Kc8
77.Rh7 Kd8 78.Rf7 Be3 79.Rf3 Bg1 80.Ka6 Ke7  1-0

[Event "CERA Bank op"]
[Site "NED"]
[Date "1998.??.??"]
[Round "?"]
[White "Broehl, Stefan"]
[Black "Kupreichik, Viktor D"]
[Result "0-1"]
[WhiteElo "2190"]
[BlackElo "2505"]

1.e4 c5 2.Nc3 Nc6 3.Nf3 g6 4.d4 cxd4 5.Nxd4 Bg7 6.Be3 Nf6 7.Be2 O-O 8.Qd2 d5
9.exd5 Nb4 10.O-O Nbxd5 11.Nxd5 Nxd5 12.Bh6 Bxh6 13.Qxh6 Qb6 14.Nb3 e5 15.Qd2 Rd8
16.Qa5 Bf5 17.Qxb6 axb6 18.c3 Nf4 19.Rfe1 Nxe2+ 20.Rxe2 Rxa2 21.Rae1 f6 22.f3 Be6
23.Nc1 Ra1 24.Kf2 Kf7 25.g4 h5 26.g5 Bc4 27.Rc2 fxg5 28.Rxe5 Rd1 29.b3 Raxc1
30.Rxc1 Rxc1 31.bxc4 Rc2+ 32.Kg3 Rxc3 33.Rxg5 Rxc4 34.Rb5 Rc6 35.f4 Ke7 36.h4 Kd7
37.f5 gxf5 38.Rxf5 Rc5 39.Rf6 b5 40.Kf4 Kc7  0-1

[Event "South Wales 1st"]
[Site "Newport"]
[Date "1998.??.??"]
[Round "5"]
[White "Cobb, Charles"]
[Black "Turner, Matthew"]
[Result "1/2-1/2"]
[WhiteElo "2300"]
[BlackElo "2470"]

1.e4 c5 2.Nf3 Nc6 3.Nc3 g6 4.d4 cxd4 5.Nxd4 Bg7 6.Be3 Nf6 7.Nb3 O-O 8.Be2 d6
9.f4 Be6 10.g4 Na5 11.Bd4 Bxb3 12.axb3 e5 13.fxe5 dxe5 14.Bc5 Nc6 15.Bxf8 Qxf8
16.O-O h6 17.h3 Qc5+ 18.Kg2 Nd4 19.Bc4 b5 20.Bd5 Rc8 21.Ra6 Qe7 22.b4 Kh8
23.Qc1 g5 24.Rf2 Ne6 25.Bxe6 fxe6 26.Ra5 Nxe4 27.Nxe4 Qxb4 28.Nxg5 Qxa5 29.Nxe6 Qb6
30.Nxg7 Kxg7 31.Qf1 Rc7 32.Qd3 Qc6+  1/2-1/2

[Event "Newport"]
[Site "Newport"]
[Date "1998.??.??"]
[Round "5"]
[White "Tan, Desmond"]
[Black "Beaumont, Chris"]
[Result "1/2-1/2"]
[WhiteElo "2110"]
[BlackElo "2335"]

1.e4 c5 2.Nf3 Nc6 3.Nc3 g6 4.d4 cxd4 5.Nxd4 Bg7 6.Nb3 Nf6 7.Be2 O-O 8.O-O d6
9.Re1 Bd7 10.Bg5 h6 11.Bh4 Rc8 12.Bf1 Re8 13.Rb1 Ne5 14.f3 Nc4 15.Bxc4 Rxc4
16.Bf2 a6 17.Kh1 b5 18.a3 a5 19.Re2 Qc7 20.Bd4 e5 21.Be3 b4 22.axb4 axb4
23.Na2 Ra8 24.Ra1 Be6 25.c3 bxc3 26.Nxc3 Rxa1 27.Nxa1 d5 28.exd5 Nxd5 29.Nxd5 Bxd5
30.h3 Qb7 31.Rd2 Bc6 32.Kh2 Rb4 33.b3 Qa6 34.Bc5 Rb7 35.Nc2 e4 36.fxe4 Bxe4
37.b4 Qf6 38.Rf2 Qg5 39.Ne3 Be5+ 40.Kg1 h5 41.Nf1 Bc6 42.Qd2 Qxd2 43.Rxd2 f6
44.Ne3 Rd7 45.Rxd7 Bxd7 46.Nc4 Kf7  1/2-1/2

[Event "NOR-chT9899"]
[Site "NOR"]
[Date "1998.??.??"]
[Round "1"]
[White "Moen, Ole Christian"]
[Black "Guddahl, Viggo"]
[Result "1-0"]
[WhiteElo "2270"]
[BlackElo "2225"]

1.e4 c5 2.Nc3 Nc6 3.Nf3 Nf6 4.d4 cxd4 5.Nxd4 e5 6.Ndb5 d6 7.a4 h6 8.Bc4 a6
9.Na3 Be6 10.O-O Be7 11.Be3 O-O 12.f3 Rc8 13.Nd5 Bxd5 14.exd5 Nb8 15.b4 Nh5
16.Bd3 Bg5 17.Qd2 Bxe3+ 18.Qxe3 Nf4 19.Rfd1 Qg5 20.Qd2 Nxd3 21.Qxd3 Qf4 22.c4 Nd7
23.Rac1 f5 24.a5 e4 25.Qd4 Ne5 26.Rc3 Qg5 27.fxe4 Rce8 28.Rg3 Qh5 29.exf5 Rxf5
30.c5 Rg5 31.Rxg5 Qxg5 32.Rf1 Rf8 33.Rxf8+ Kxf8 34.Qc3 Qg4 35.c6 Qd1+ 36.Kf2 Ng4+
37.Kg3 bxc6 38.dxc6 Nf6 39.Qf3 Qe1+ 40.Kh3 Qe6+ 41.g4 h5 42.Kh4 Qe1+ 43.Kg5 Qe5+
44.Qf5 Qe3+ 45.Qf4 Qxa3 46.Qxd6+ Kf7 47.Qc7+ Ke8 48.Qxg7 Qf3  1-0

[Event "Nova Gorica op"]
[Site "Nova Gorica"]
[Date "1998.??.??"]
[Round "3"]
[White "Varini, Massimo"]
[Black "Kavcic, Uros"]
[Result "0-1"]
[WhiteElo "2070"]
[BlackElo "2225"]

1.e4 c5 2.Nf3 Nc6 3.Nc3 g6 4.a4 Bg7 5.Bc4 e6 6.O-O Nge7 7.Re1 O-O 8.e5 Qc7
9.d4 Nxd4 10.Nxd4 cxd4 11.Qxd4 Nf5 12.Qf4 g5 13.Qxg5 Qxc4 14.Re4 Qc5 15.Ra3 f6
16.Qg4 fxe5 17.Rc4 Qe7 18.Bg5 Qf7 19.Rc7 Qg6 20.Ne4 h6 21.h4 hxg5 22.hxg5 Ne7
23.Rg3 Rf4 24.Nf6+ Bxf6 25.Qxf4 exf4 26.gxf6 fxg3 27.fxe7 gxf2+ 28.Kf1 Kf7  0-1

[Event "RUS-ch sf"]
[Site "Novosibirsk"]
[Date "1998.??.??"]
[Round "?"]
[White "Frolov, Denis"]
[Black "Lopushnoy, Denis"]
[Result "1/2-1/2"]
[WhiteElo "2350"]
[BlackElo "2390"]

1.e4 c5 2.Nf3 Nc6 3.Nc3 d6 4.d4 cxd4 5.Nxd4 Nf6 6.Bc4 Qb6 7.Nb3 e6 8.Be3 Qc7
9.O-O Be7 10.f4 a6 11.Bd3 b5 12.Qf3 Rb8 13.a3 b4 14.Ne2 e5 15.f5 bxa3 16.bxa3 O-O
17.Nd2 Na5 18.g4 d5 19.exd5 Bc5 20.c4 Nb3 21.Kh1 Bxe3 22.Nxb3 Rxb3 23.Qxe3 e4
24.Nc1 Rxd3 25.Nxd3 exd3 26.Qxd3 Nxg4 27.Qe2 Nf6 28.Rac1 Bb7 29.Qg2 Qc5 30.Rg1 g6
31.Qb2 Bxd5+  1/2-1/2

[Event "RUS-ch sf"]
[Site "Novosibirsk"]
[Date "1998.??.??"]
[Round "?"]
[White "Eismont, Oleg"]
[Black "Kalashnikov, Konstantin"]
[Result "1-0"]
[WhiteElo "2470"]
[BlackElo "2315"]

1.e4 c5 2.Nc3 Nc6 3.Nf3 g6 4.d4 cxd4 5.Nxd4 Bg7 6.Be3 Nf6 7.Bc4 Qa5 8.O-O O-O
9.Nd5 Nxe4 10.Nxc6 dxc6 11.Nxe7+ Kh8 12.Nxc8 Raxc8 13.c3 Rcd8 14.Qc2 Nf6
15.h3 Nd5 16.Bd2 Qc5 17.Bb3 Kg8 18.Rad1 Rfe8 19.Bc1 Qf8 20.Bxd5 Rxd5 21.Rxd5 cxd5
22.Be3 b6 23.Rd1 Rd8 24.Rd3 Qe7 25.Qd1 Qe4 26.Bg5 f6 27.Be3 f5 28.Bg5 Rd7
29.Re3 Qc4 30.Re8+ Kf7 31.Qe1 Qc6 32.Re7+ Rxe7 33.Qxe7+ Kg8 34.Be3 Qa8 35.Qd7 h5
36.a4 d4 37.Qe6+ Kh7 38.Bxd4 Bxd4 39.cxd4 Qf8 40.d5 Qb4 41.d6 Qxb2 42.Qe7+ Kg8
43.Qd8+  1-0

[Event "RUS-ch sf"]
[Site "Novosibirsk"]
[Date "1998.??.??"]
[Round "?"]
[White "Petrov, Sergei"]
[Black "Kasymov, Oleg"]
[Result "1-0"]
[WhiteElo "2260"]
[BlackElo "2250"]

1.e4 c5 2.Nf3 Nc6 3.Nc3 d6 4.Bb5 Bd7 5.O-O Nf6 6.d4 cxd4 7.Nxd4 e6 8.Be3 Be7
9.f4 O-O 10.Qf3 Qc7 11.a4 a6 12.Bd3 Nxd4 13.Bxd4 e5 14.Be3 b5 15.axb5 axb5
16.Rxa8 Rxa8 17.fxe5 dxe5 18.Nd5 Qd6 19.b4 Bd8 20.Bc5 Qe6 21.c4 Ra3 22.Qe2 Bc6
23.Nxf6+ Bxf6 24.cxb5 Ra2 25.Qxa2 Qxa2 26.bxc6 Bd8 27.b5 Qb3 28.Rf3 Qc3 29.Bf2 f6
30.Bf1 Qa5 31.h3 Kf7 32.Kh2 h5 33.Bc5 Be7 34.Ra3 Qxa3 35.Bxa3 Bxa3 36.c7  1-0

[Event "RUS-ch sf"]
[Site "Novosibirsk"]
[Date "1998.??.??"]
[Round "?"]
[White "Eismont, Oleg"]
[Black "Pres, Grigorii"]
[Result "1/2-1/2"]
[WhiteElo "2470"]
[BlackElo "2315"]

1.e4 c5 2.Nc3 Nc6 3.Nf3 d6 4.d4 cxd4 5.Nxd4 Nf6 6.Be2 e5 7.Nf3 h6 8.O-O Be7
9.Re1 O-O 10.h3 Be6 11.Bf1 Qd7 12.Nd5 Bd8 13.c4 Bxd5 14.exd5 Ne7 15.b3 Bb6
16.Be3  1/2-1/2

[Event "Nyirsegi Torna op"]
[Site "Nyirsegi Torna"]
[Date "1998.??.??"]
[Round "1"]
[White "Mihalko, Jozsef"]
[Black "Hajdu, Balazs"]
[Result "1-0"]
[WhiteElo "2305"]
[BlackElo "2155"]

1.e4 c5 2.Nf3 Nc6 3.Nc3 e5 4.Bc4 d6 5.d3 Be6 6.Ng5 Nd4 7.Nxe6 fxe6 8.Ne2 Nxe2
9.Qxe2 Kd7 10.c3 Nf6 11.O-O a6 12.Rd1 Qb6 13.b4 d5 14.exd5 exd5 15.Qxe5 dxc4
16.dxc4+ Kc8 17.Bg5 Qc6 18.b5 axb5 19.cxb5 Qxb5 20.Bxf6 Bd6 21.Qe6+ Qd7 22.Qxd7+ Kxd7
23.Bxg7 Rhe8 24.Kf1 Kc6 25.g3 Be5 26.Bxe5 Rxe5 27.Re1 Rxe1+ 28.Kxe1 Ra3 29.Kd2 Kd5
30.Kd3 b5 31.Kc2 Ra6 32.Kb3 c4+ 33.Kb2 Rf6 34.f4 Re6 35.Rd1+ Kc5 36.Rd2 b4
37.cxb4+ Kxb4 38.a3+ Kc5 39.f5 Rb6+ 40.Kc2 Rb3 41.Rd7 Rxa3 42.Rxh7 Kd4 43.Rh4+ Ke5
44.g4 Kf4 45.h3 Rd3 46.Rh6 Kg3 47.f6 Rf3 48.g5  1-0

[Event "SVE Cup qf"]
[Site "Oerebro"]
[Date "1998.??.??"]
[Round "?"]
[White "Hector, Jonny"]
[Black "Cicak, Slavko"]
[Result "1-0"]
[WhiteElo "2505"]
[BlackElo "2480"]

1.e4 c5 2.Nc3 Nc6 3.Nf3 Nd4 4.Bc4 e6 5.O-O Nxf3+ 6.Qxf3 Ne7 7.d4 Nc6 8.dxc5 Ne5
9.Qe2 Bxc5 10.Bf4 Qf6 11.Bg3 a6 12.Kh1 d6 13.Rad1 Qe7 14.a3 O-O 15.b4 Bb6
16.Ba2 Rd8 17.f4 Nc6 18.Qd2 Bd4 19.Ne2 Bf6 20.Rf3 b5 21.Rd3 Bb7 22.Bf2 Qc7
23.Rxd6 Bb2 24.Bc5 a5 25.c4 Bxa3 26.cxb5 axb4 27.bxc6 Rxd6 28.cxb7  1-0

[Event "RUS-Cup"]
[Site "Omsk/Perm"]
[Date "1998.??.??"]
[Round "6"]
[White "Lastin, Alexander"]
[Black "Iskusnyh, Sergei"]
[Result "1/2-1/2"]
[WhiteElo "2535"]
[BlackElo "2455"]

1.e4 c5 2.Nf3 Nc6 3.Nc3 d6 4.d4 cxd4 5.Nxd4 Nf6 6.Be2 g6 7.Nb3 Bg7 8.O-O O-O
9.Re1 Be6 10.Bg5 Re8 11.Bf1 h6 12.Bh4 Ne5 13.Nd5 Bxd5 14.exd5 Nc4 15.Rb1 Nb6
16.Bxf6  1/2-1/2

[Event "Ostrava Cup"]
[Site "Ostrava"]
[Date "1998.??.??"]
[Round "1"]
[White "Mirumian, Vigen"]
[Black "Oral, Tomas"]
[Result "1/2-1/2"]
[WhiteElo "2470"]
[BlackElo "2510"]

1.e4 c5 2.Nf3 Nc6 3.Nc3 e6 4.Bb5 Nge7 5.O-O a6 6.Bxc6 Nxc6 7.Re1 Qc7 8.d4 cxd4
9.Nxd4 Bd6 10.Nd5 Bxh2+ 11.Kh1 exd5 12.exd5+ Be5 13.Nxc6 dxc6 14.d6 Qa5 15.Bd2 Qd5
16.Bc3 Qxd1 17.Raxd1 f6 18.f4 Bg4 19.Rd4  1/2-1/2

[Event "Pardubice Czech op"]
[Site "Pardubice"]
[Date "1998.??.??"]
[Round "1"]
[White "Mirumian, Vigen"]
[Black "Simic, Dragan"]
[Result "1-0"]
[WhiteElo "2505"]
[BlackElo "2280"]

1.e4 c5 2.Nf3 Nc6 3.Nc3 e6 4.Bb5 Nge7 5.O-O a6 6.Bxc6 Nxc6 7.Re1 Be7 8.d4 cxd4
9.Nxd4 O-O 10.Nxc6 dxc6 11.e5 Qxd1 12.Rxd1 b6 13.Be3 Rb8 14.f3 Rd8 15.b4 Bd7
16.a3 Be8 17.Ne4 Rxd1+ 18.Rxd1 f6 19.c4 fxe5 20.c5 bxc5 21.Bxc5 Kf7 22.Kf2 a5
23.Nd6+ Bxd6 24.Bxd6 Ra8 25.Bxe5 axb4 26.axb4 g5 27.Kg3 Ra7 28.h4 gxh4+ 29.Kxh4 Rb7
30.Bd6 Kf6 31.g4 Rd7 32.f4 Bg6 33.Be5+ Ke7 34.Ra1 Be4 35.Kg5 Rb7 36.Bd4 Kd6
37.Be5+ Kd5 38.Rd1+ Kc4 39.Rd4+  1-0

[Event "Pardubice Czech op"]
[Site "Pardubice"]
[Date "1998.??.??"]
[Round "8"]
[White "Kutuzovic, Branko"]
[Black "Nun, Jiri"]
[Result "1/2-1/2"]
[WhiteElo "2425"]
[BlackElo "2375"]

1.e4 c5 2.Nf3 Nc6 3.Nc3 Nf6 4.Bb5 Nd4 5.e5 Nxb5 6.Nxb5 Nd5 7.c4 Nc7 8.Nxc7+ Qxc7
9.d4 cxd4 10.Qxd4 b6 11.O-O Bb7 12.Ng5 Qc6 13.f3 Qc5 14.Be3 Qxd4 15.Bxd4 e6
16.Rfd1 Be7 17.Nh3 O-O 18.Nf2 Rfd8 19.Rd3 Rac8 20.b3 d5 21.exd6 Rxd6 22.Rad1 f6
23.Be3 Rxd3 24.Rxd3 Rd8 25.c5 Rxd3 26.Nxd3 bxc5 27.Bxc5 Ba6  1/2-1/2

[Event "RUS-ch sf"]
[Site "Pskov"]
[Date "1998.??.??"]
[Round "7"]
[White "Bezgodov, Alexei"]
[Black "Shariyazdanov, Andrey"]
[Result "0-1"]
[WhiteElo "2520"]
[BlackElo "2495"]

1.e4 c5 2.Nc3 Nc6 3.Nf3 Nf6 4.Bb5 a6 5.Bxc6 dxc6 6.d3 Bg4 7.h3 Bxf3 8.Qxf3 g6
9.e5 Nd5 10.e6 f5 11.O-O Nb4 12.Qe2 Bg7 13.Be3 b6 14.Rad1 Nd5 15.Bd2 O-O
16.Rfe1 Qd6 17.Nxd5 cxd5 18.c3 f4 19.Qf3 Rf5 20.Re2 Raf8 21.Rde1 b5 22.b3 g5
23.c4 b4 24.Rc1 Bd4 25.Kh1 R8f6 26.Qg4 dxc4 27.dxc4 Qc6 28.Rg1 Qe8 29.Qf3 Qg6
30.Rd1 h5 31.Qe4 g4 32.f3 Qg7 33.Be1 gxh3 34.Bh4 Re5 35.Bxf6 Rxe4 36.Bxg7 Rxe2
37.Bxd4 hxg2+ 38.Kg1 cxd4 39.Rxd4 h4 40.Kh2 h3 41.Rd1 Rxe6 42.Kxh3  0-1

[Event "Pula op"]
[Site "Pula"]
[Date "1998.??.??"]
[Round "4"]
[White "Jovanovic, Zoran2"]
[Black "Schoen, Wolfram"]
[Result "1/2-1/2"]
[WhiteElo "2190"]
[BlackElo "2410"]

1.e4 c5 2.Nf3 Nc6 3.Nc3 Nf6 4.Bb5 Nd4 5.e5 Nxb5 6.Nxb5 Nd5 7.c4 Nc7 8.Nc3 g6
9.d4 cxd4 10.Qxd4 Bg7 11.Qh4 h6 12.O-O b6 13.Re1 Bb7 14.Ne4 Ne6 15.b3 d5
16.cxd5 Qxd5 17.Ba3 g5 18.Qg4 Rd8 19.Qf5 Bc8 20.Bxe7 Kxe7 21.Nd6 Rxd6 22.exd6+ Qxd6
23.Rad1 Qf4 24.Qd5 Re8 25.Nd4 Bxd4 26.Rxd4 Qc7 27.Rc4 Qd6 28.Qf5  1/2-1/2

[Event "CRO-chT2"]
[Site "Pula"]
[Date "1998.??.??"]
[Round "6"]
[White "Dutina, Dario"]
[Black "Susnjar, Miroslav"]
[Result "1-0"]
[WhiteElo "2265"]
[BlackElo "2230"]

1.e4 c5 2.Nc3 Nc6 3.Nf3 g6 4.d4 cxd4 5.Nxd4 Bg7 6.Be3 d6 7.Qd2 Nf6 8.f3 Bd7
9.g4 h5 10.g5 Nh7 11.f4 O-O 12.O-O-O Nxd4 13.Bxd4 Bg4 14.Bxg7 Kxg7 15.Be2 Bxe2
16.Nxe2 Rc8 17.f5 Rc5 18.Nf4 Re5 19.h4 gxf5 20.exf5 Rxf5 21.Nxh5+ Kh8 22.Qd4+ Re5
23.Nf4 Qb6 24.g6 Qxd4 25.Rxd4 Nf6 26.h5 Rg5 27.h6 Rg8  1-0

[Event "CRO-chT2"]
[Site "Pula"]
[Date "1998.??.??"]
[Round "7"]
[White "Stanic, Zoran"]
[Black "Biliskov, Vjekoslav"]
[Result "0-1"]
[WhiteElo "2245"]
[BlackElo "2325"]

1.e4 c5 2.Nc3 Nc6 3.Nge2 d6 4.d4 cxd4 5.Nxd4 Nf6 6.Bg5 e6 7.Bb5 Bd7 8.Bxc6 bxc6
9.Qf3 Qb6 10.Nb3 Be7 11.O-O-O Rd8 12.e5 dxe5 13.Rhe1 O-O 14.Nd2 Bc8 15.Nde4 Nd5
16.Bxe7 Nxe7 17.Nd6 Ba6 18.Nce4 Nd5 19.c4 f5 20.Ng5 Rxd6 21.cxd5 cxd5 22.Rxe5 h6
23.Nh3 Rc8+ 24.Kb1 Qc5 25.Ree1 Qc2+ 26.Ka1 Rb6 27.Qa3 Be2 28.Rb1  0-1

[Event "SLO-chTJ"]
[Site "Rogaska Slatina"]
[Date "1998.??.??"]
[Round "?"]
[White "Gombac, Jan"]
[Black "Sebenik, Matej"]
[Result "0-1"]
[WhiteElo "2015"]
[BlackElo "2155"]

1.e4 c5 2.Nf3 Nc6 3.Nc3 e5 4.Bc4 Be7 5.d3 Nf6 6.Ng5 O-O 7.f4 exf4 8.Bxf4 d6
9.O-O h6 10.Nf3 Be6 11.Nd5 Bxd5 12.Bxd5 Nxd5 13.exd5 Ne5 14.Bxe5 dxe5 15.c4 Bd6
16.Nd2 f5 17.Qh5 Qd7 18.Rae1 Rae8 19.Re3 Kh7 20.Nf3 g6 21.Ng5+ Kg7 22.Ne6+ Qxe6
23.Qd1 Qd7  0-1

[Event "Saint Quentin op"]
[Site "Saint Quentin"]
[Date "1998.??.??"]
[Round "7"]
[White "Krivokapic, Ratko"]
[Black "Te, Roza"]
[Result "0-1"]
[WhiteElo "2225"]
[BlackElo "2295"]

1.e4 c5 2.Nc3 Nc6 3.Nf3 d6 4.d4 cxd4 5.Nxd4 Nf6 6.g3 g6 7.Nde2 Bg7 8.Bg2 O-O
9.O-O Bd7 10.h3 Rc8 11.Be3 a6 12.a4 Na5 13.Qc1 Re8 14.f4 b5 15.axb5 Bxb5
16.Nxb5 axb5 17.Qe1 Nc4 18.Bd4 e5 19.fxe5 dxe5 20.Bf2 Nxb2 21.Qc1 Nd3 22.cxd3 Rxc1
23.Nxc1 Bh6 24.Rd1 Qd6 25.Nb3 Rc8 26.d4 Nh5 27.dxe5 Qxe5 28.Nc5 Rxc5 29.Ra8+ Kg7
30.Kh2 Be3  0-1

[Event "ESP-chT"]
[Site "Salamanca"]
[Date "1998.??.??"]
[Round "8"]
[White "Iruzubieta, Jesus Maria"]
[Black "Martin Gonzalez, Angel"]
[Result "1-0"]
[WhiteElo "2420"]
[BlackElo "2425"]

1.e4 c5 2.Nc3 Nc6 3.Bb5 Nd4 4.Bc4 g6 5.Nf3 Bg7 6.O-O e6 7.Nxd4 cxd4 8.Nb5 a6
9.Nd6+ Ke7 10.Nxc8+ Rxc8 11.d3 Qc7 12.Bd2 b5 13.Bb3 a5 14.a3 a4 15.Ba2 Qxc2
16.Qe2 Qc7 17.Rac1 Qb8 18.Rxc8 Qxc8 19.Rc1 Qb8 20.Bb4+ Ke8 21.Qc2 Ne7 22.Qc7 Qxc7
23.Rxc7 f5 24.Bxe6 fxe4 25.Bxd7+ Kd8 26.Ba5 Nd5 27.Ra7+ Ke7 28.Bxb5+ Kd6
29.dxe4 Rc8 30.exd5 Rc1+ 31.Bf1 Be5 32.g3 d3 33.Kg2 Rd1 34.Bc7+ Kxd5 35.Ra5+ Ke6
36.Bxe5 d2 37.Be2 Re1 38.Bf3  1-0